Countries Samia Suluhu Hassan has Visited - Statistics

General Stats
  • This quiz has been taken 13 times
  • The average score is 21 of 28
Answer Stats
Continent Country % Correct
Europe United Kingdom
100%
North America United States of America
100%
Europe Belgium
89%
Europe France
89%
Africa Angola
78%
Asia China
78%
Africa Democratic Republic of the Congo
78%
Africa Egypt
78%
Africa Ethiopia
78%
Africa Ghana
78%
Africa Morocco
78%
Africa Mozambique
78%
Africa Nigeria
78%
Asia Saudi Arabia
78%
Africa Senegal
78%
Africa South Africa
78%
Europe Switzerland
78%
Asia United Arab Emirates
78%
Africa Zambia
78%
Africa Burundi
67%
Asia India
67%
Africa Kenya
67%
Africa Malawi
67%
Africa Namibia
67%
Asia Oman
67%
Asia Qatar
67%
Africa Rwanda
67%
Africa Uganda
67%
No matching quizzes found
Score Distribution
Percent of People with Each Score
Percentile by Number Answered
Your Score History
You have not taken this quiz